000 00628nam a2200193Ii 4500
003 JO-AjNU
008 230605s9999||||xx |||||||||||||| ||und||
040 _aJO-AjNU
_bara
_erda
_cJO-AjNU
041 _aara
050 1 4 _aDS38.6 2006
100 3 _aحسين، حمدي عبد المنعم,
_eauthor
_913456
245 0 0 _aالدولة العباسية
264 3 1 _aالازاريطة: دارالمعرفة الجامعية، 2006
300 _a386ص
336 _atext
_btxt
_2rdacontent
337 _aunmediated
_bn
_2rdamedia
338 _avolume
_bnc
_2rdacarrier
650 4 _aالدولة العباسية - تاريخ
_913457
999 _aA3355
_c6923
_d6923